| 000 | 00565nam a2200181Ia 4500 | ||
|---|---|---|---|
| 008 | 140626s9999 xx 000 0 und d | ||
| 100 | _aBaldridge, David.. | ||
| 245 |
_aWithholding requests for disability accommodation : _b the role of individual differences and disability attributes / _cDavid Baldridge ... [et al.]. |
||
| 260 | _cc2013. | ||
| 300 | _a39 : 3, page 743 | ||
| 440 | _aJournal of Management | ||
| 521 | _aBSBA | ||
| 650 | _aAccommodation. | ||
| 650 | _aDisability. | ||
| 650 | _aHelp seeking. | ||
| 650 | _aSocial identity. | ||
| 942 | _cSE | ||
| 999 |
_c121027 _d121027 |
||